000 00289nam a2200121Ia 4500
008 190216s9999||||xx |||||||||||||| ||und||
100 _aGerald M Meser&Amp;Robbert E
245 0 _aEconomic Development
260 _bS Chand & Co
_c1970
300 _a586p
650 _aCommerce
942 _cBK
999 _c3923
_d3923